000
00221nam a22000857a 4500
008
161124b xxu||||| |||| 00| 0 eng d
100
_9
1362
_a
BPI india
245
_a
Elves and the Shoemaker
260
_a
New Delhi
_b
BPI India
_c
2011
999
_c
4075
_d
4075